<?xml version="1.0" encoding="UTF-8"?>
<record
    xmlns:xsi="http://www.w3.org/2001/XMLSchema-instance"
    xsi:schemaLocation="http://www.loc.gov/MARC21/slim http://www.loc.gov/standards/marcxml/schema/MARC21slim.xsd"
    xmlns="http://www.loc.gov/MARC21/slim">

  <leader>00799nam a2200205 a 4500</leader>
  <controlfield tag="001">BRCA_1758</controlfield>
  <controlfield tag="005">20190320203534.0</controlfield>
  <controlfield tag="008">260508s2004----mx-a---###---#000-0#spa-#</controlfield>
  <datafield tag="020" ind1=" " ind2=" ">
    <subfield code="a">9707015276</subfield>
  </datafield>
  <datafield tag="040" ind1=" " ind2=" ">
    <subfield code="a">YUS</subfield>
    <subfield code="c">YUS</subfield>
    <subfield code="d">CUY</subfield>
  </datafield>
  <datafield tag="050" ind1=" " ind2="4">
    <subfield code="a">F1266</subfield>
    <subfield code="b">.S25 2004</subfield>
  </datafield>
  <datafield tag="100" ind1="1" ind2=" ">
    <subfield code="a">Salda&#xF1;a Villarreal, Maria Isabel</subfield>
    <subfield code="9">5484</subfield>
  </datafield>
  <datafield tag="245" ind1="1" ind2="0">
    <subfield code="a">Im&#xE1;genes que iluminan la memoria</subfield>
    <subfield code="c">coordinadora Mar&#xED;a Isabel Salda&#xF1;a Villarreal ; textos de im&#xE1;genes Andr&#xE9;s Henestrosa.</subfield>
  </datafield>
  <datafield tag="260" ind1=" " ind2=" ">
    <subfield code="a">Torre&#xF3;n Coahuila, M&#xE9;xico</subfield>
    <subfield code="b">MUSA : Centro Cultural Arocena Laguna</subfield>
    <subfield code="c">2004</subfield>
  </datafield>
  <datafield tag="300" ind1=" " ind2=" ">
    <subfield code="a">177 p.</subfield>
    <subfield code="b">il.</subfield>
    <subfield code="c">27 cm.</subfield>
  </datafield>
  <datafield tag="651" ind1=" " ind2="4">
    <subfield code="a">Laguna Regi&#xF3;n (M&#xE9;xico)</subfield>
    <subfield code="v">Trabajos Ilustrados</subfield>
    <subfield code="x">Historia</subfield>
    <subfield code="y">Siglo XIX</subfield>
    <subfield code="9">5485</subfield>
  </datafield>
  <datafield tag="651" ind1=" " ind2="4">
    <subfield code="a">Laguna Regi&#xF3;n</subfield>
    <subfield code="v">Trabajos Ilustrados</subfield>
    <subfield code="x">Historia</subfield>
    <subfield code="y">Siglo XX</subfield>
    <subfield code="9">5486</subfield>
  </datafield>
  <datafield tag="700" ind1="1" ind2=" ">
    <subfield code="a">Henestrosa, Andr&#xE9;s</subfield>
    <subfield code="9">1789</subfield>
  </datafield>
  <datafield tag="942" ind1=" " ind2=" ">
    <subfield code="2">lcc</subfield>
    <subfield code="c">B</subfield>
  </datafield>
  <datafield tag="999" ind1=" " ind2=" ">
    <subfield code="c">1541</subfield>
    <subfield code="d">1541</subfield>
  </datafield>
  <datafield tag="952" ind1=" " ind2=" ">
    <subfield code="0">0</subfield>
    <subfield code="1">0</subfield>
    <subfield code="4">0</subfield>
    <subfield code="7">0</subfield>
    <subfield code="a">BRCA</subfield>
    <subfield code="b">BRCA</subfield>
    <subfield code="d">2008-06-27</subfield>
    <subfield code="l">0</subfield>
    <subfield code="o">F1266 .S25 2004</subfield>
    <subfield code="p">02386</subfield>
    <subfield code="r">2019-03-22 00:00:00</subfield>
    <subfield code="w">2019-03-22</subfield>
    <subfield code="y">B</subfield>
  </datafield>
</record>
